000 00886nam a22002297a 4500
999 _c63868
_d63868
005 20240530110703.0
008 171225s2013 ua a f b 000 0dara d
017 _a2013/14875
_bمصر. دار الكتب
020 _a9789774485213
040 _aEG-CaGPL
_cEG-CaGPL
082 0 4 _221
_a913.2023
_bق/إ ج
100 0 _aاميلينو
245 1 0 _aجغرافية مصر فى العصر القبطى /
_cاميلينو ؛ ترجمة وتعليق ميخائيل مكسى اسكندر .
250 _aط.1
260 _aالقاهرة :
_bالهيئة المصرية العامة للكتاب ،
_c2013 .
300 _a392 ص. ؛
_c24 سم.
650 _2qrmak
651 0 7 _2qrmak
_aمصر
_xجغرافيا
_yالعصر القبطى
700 0 _aميخائيل مكسى اسكندر
_eمترجم ومعلق
942 _2ddc
_cBK